000 00755nam a22002175i 4500
001 168824
003 ES-MaACL
005 20230906213912.0
008 080612s1970 fr |||| | fre d
080 _a329.285"19"
080 _a330.862"19"
100 1 _aJoyeux, Maurice.
_967082
245 1 2 _aL'anarchie et la révolte de la jeunesse
_b: une hérésie politique dans la société contemporaine /
_cpar Maurice Joyeux.
260 _aParis :
_bCasterman,
_c[1970]
300 _a163 p. ;
_c18 cm.
490 1 _aMutations, orientations ;
_v7
650 1 4 _aAnarquismo-
_yS.XX.
_9137945
830 0 _aMutations, orientations ;
_v7
_9222766
852 _aES-MaACL
_jE-12186
_9R.190393
_z.- Biblioteca Jacinto Martínez Lacalle
999 _c168824
_d168824